| 000 | 00623nam a22002417a 4500 | ||
|---|---|---|---|
| 003 | UA-OsUOA | ||
| 001 | 45620 | ||
| 007 | ta | ||
| 008 | 20070503b un ||||| |||| 00| 0 ukr d | ||
| 100 | _aМордань В. | ||
| 090 |
_a821.161.2 _bМ79 |
||
| 942 | _cBK | ||
| 040 |
_aUA-OsUOA _bukr _cUA-OsUOA _dUA-OsUOA |
||
| 245 |
_aРайдуги підкова _bЛірика |
||
| 300 | _a96 с. | ||
| 955 | _a3 | ||
| 041 | _aukr | ||
| 080 | _a821.161.2 | ||
| 020 | _a966-651-330-7 | ||
| 260 |
_aК. _bФенікс _c2006 |
||
| 650 | 7 |
_a82 Література. Літературознавство _2UDC |
|
| 999 |
_c331721 _d331721 |
||